Statistics for South American Counrties by Clue

Click here to take the quiz!

General Stats

  • This quiz has been taken 85 times
  • The average score is 10 of 13

Answer Stats

HintAnswer% Correct
coffee, Shakira, emeraldsColombia
93%
soccer, beaches, largest South American countryBrazil
91%
thin yet long, food named after it, wineChile
90%
Messi, steak, second biggest country in South AmericaArgentina
89%
owns Galapagos Island, tuna, cacaoEcuador
89%
Machu Picchu, potato, chulloPeru
84%
frog legs, beautiful landscapes, worlds highest capitalBolivia
83%
Hugo Chavez, most Miss. Universe winners, highest waterfallsVenezuela
81%
80% rain forest, Dutch language, eco- tourismSuriname
80%
Gauchos, dulce de leche, tangoUruguay
74%
friendliest people, corruption, waterfallsParaguay
73%
gold, rice, Kaieteur FallsGuyana
67%
Devils Island, base for european satellites, convicts were sent hereFrench Guiana
27%

Score Distribution

Percentile by Number Answered

Percent of People with Each Score

Your Score History

You have not taken this quiz